| 000 | 00605cam a22002052 4500 | ||
|---|---|---|---|
| 001 | 0000000454 | ||
| 005 | 20151217155801.0 | ||
| 008 | 070202s xx 000 0 eng d | ||
| 040 |
_aKABU _cKABU |
||
| 050 | 0 |
_aDT351 _b.S7M38 |
|
| 100 | 1 |
_aStanley, H. M. _@0000148652 |
|
| 245 | 1 | 0 |
_aH. M. Stanley : _bUnpublished letters / _cby Albert Maurice. |
| 260 |
_aLondon : _bW & R Chambers, _c1955. |
||
| 300 | _axvi, 183 p. | ||
| 600 | 1 | 0 |
_aStanley, H. M. _@0000148652 |
| 700 | 1 |
_aMaurice, Albert. _@0000148653 |
|
| 908 | _a070202 | ||
| 950 | _@1 | ||
| 999 |
_c12323 _d12323 |
||